[Event "Faroes Open 2018"]
[Site "Sandavagur"]
[Date "2018.07.10"]
[Round "5"]
[White "Nielsen, Rógvi Egilstoft"]
[Black "Greenfeld, Alon"]
[Result "1/2-1/2"]
[WhiteElo "2337"]
[BlackElo "2496"]
[Annotator "RC"]
[PlyCount "81"]
[EventDate "2018.07.07"]
[EventType "swiss"]
[EventCountry "FAI"]
[SourceTitle "playchess.com"]
[Source "ChessBase"]
[SourceQuality "1"]
[TimeControl "40/5400+30:900+30"]

1. e4 {[%emt 0:00:00]} e5 {[%emt 0:01:14]} 2. Nf3 {[%emt 0:00:00]} Nc6 {[%emt 0:00:35]} 3. Bb5 {[%emt 0:00:39]} a6 {[%emt 0:01:45]} 4. Ba4 {[%emt 0:00:08]} Nf6 {[%emt 0:00:15]} 5. Qe2 {[%emt 0:00:13]} b5 {[%emt 0:01:53]} 6. Bb3 {[%emt 0:00:07]} Be7 {[%emt 0:00:12]} 7. c3 {[%emt 0:00:43]} O-O {[%emt 0:02:47]} 8. d4 {[%emt 0:00:26]} d6 {[%emt 0:07:16]} 9. Nbd2 {[%emt 0:00:09]} exd4 {[%emt 0:08:36]} 10. cxd4 {[%emt 0:00:58]} Bg4 {[%emt 0:00:37]} 11. Qe3 {[%emt 0:00:36]} d5 {[%emt 0:16:40]} 12. Ne5 {[%emt 0:16:37]} Nxe5 {[%emt 0:06:16]} 13. dxe5 {[%emt 0:00:10]} Nxe4 {[%emt 0:00:15]} 14. Nxe4 {[%emt 0:01:00]} dxe4 {[%emt 0:00:07]} 15. Qxe4 {[%emt 0:00:50]} Be6 {[%emt 0:01:10]} 16. Bc2 {[%emt 0:03:39]} g6 {[%emt 0:00:29]} 17. O-O {[%emt 0:00:48]} Bf5 {[%emt 0:22:04]} 18. Qe2 {[%emt 0:00:26]} Bxc2 {[%emt 0:00:04]} 19. Qxc2 {[%emt 0:00:06]} c5 {[%emt 0:00:13]} 20. Bh6 {[%emt 0:04:25]} Re8 {[%emt 0:00:14]} 21. f4 {[%emt 0:00:10]} f5 {[%emt 0:07:46]} 22. exf6 {[%emt 0:29:36]} Qd4+ {[%emt 0:00:08]} 23. Kh1 {[%emt 0:00:50]} Bxf6 {[%emt 0:00:08]} 24. Rad1 {[%emt 0:06:20]} Qxb2 {[%emt 0:02:18]} 25. Qxc5 {[%emt 0:00:16]} Qxa2 {[%emt 0:00:32]} 26. f5 {[%emt 0:01:38]} g5 {[%emt 0:03:43]} 27. Qc6 {[%emt 0:22:20]} Qf7 {[%emt 0:02:27]} 28. Rd6 {[%emt 0:00:21]} Be5 {[%emt 0:05:35]} 29. Rd7 {[%emt 0:01:22]} Qc4 {[%emt 0:04:05]} 30. Qxc4+ {[%emt 0:05:47]} bxc4 {[%emt 0:00:03]} 31. h4 {[%emt 0:00:37]} Red8 {[%emt 0:02:58]} 32. Re7 {[%emt 0:01:51]} Bf6 {[%emt 0:00:58]} 33. Re6 Kf7 34. hxg5 Be7 35. Rc6 Rdc8 36. g6+ hxg6 37. fxg6+ Kg8 38. Re6 Bf8 39. Bxf8 Rxf8 40. Rc1 Rfc8 41. Re4 1/2-1/2

[Event "Faroes Open 2018"]
[Site "Sandavagur"]
[Date "2018.07.10"]
[Round "5"]
[White "Nilssen, John Arni"]
[Black "Nilssen, Ellen Fredericia"]
[Result "1/2-1/2"]
[WhiteElo "2301"]
[BlackElo "2152"]
[Annotator "ChessBase"]
[PlyCount "27"]
[EventDate "2018.07.07"]
[EventType "swiss"]
[EventCountry "FAI"]
[SourceTitle "playchess.com"]
[Source "ChessBase"]
[SourceQuality "1"]
[TimeControl "40/5400+30:900+30"]

1. d4 {[%emt 0:03:17]} d5 {[%emt 0:00:00]} 2. c4 {[%emt 0:00:05]} dxc4 {[%emt 0:00:01]} 3. e4 {[%emt 0:00:07]} Nf6 {[%emt 0:00:25]} 4. e5 {[%emt 0:00:10]} Nd5 {[%emt 0:00:30]} 5. Bxc4 {[%emt 0:00:09]} Nb6 {[%emt 0:00:40]} 6. Bb3 {[%emt 0:00:09]} Nc6 {[%emt 0:00:34]} 7. Nf3 {[%emt 0:00:09]} Bg4 {[%emt 0:00:33]} 8. Ng5 {[%emt 0:00:13]} Bxd1 {[%emt 0:00:05]} 9. Bxf7+ {[%emt 0:00:07]} Kd7 {[%emt 0:00:05]} 10. Be6+ {[%emt 0:00:05]} Ke8 {[%emt 0:00:07]} 11. Bf7+ {[%emt 0:00:06]} Kd7 {[%emt 0:00:16]} 12. Be6+ {[%emt 0:00:04]} Ke8 {[%emt 0:00:03]} 13. Bf7+ {[%emt 0:00:07]} Kd7 {[%emt 0:00:20]} 14. Be6+ {[%emt 0:00:10]} 1/2-1/2

[Event "Faroes Open 2018"]
[Site "Sandavagur"]
[Date "2018.07.10"]
[Round "5"]
[White "Simonsen, Hans Kristian"]
[Black "Djurhuus, Arant"]
[Result "1-0"]
[WhiteElo "2150"]
[BlackElo "1703"]
[Annotator "NA"]
[PlyCount "51"]
[EventDate "2018.07.07"]
[EventType "swiss"]
[EventCountry "FAI"]
[SourceTitle "playchess.com"]
[Source "ChessBase"]
[SourceQuality "1"]
[TimeControl "40/5400+30:900+30"]

1. c4 {[%emt 0:00:00]} e5 {[%emt 0:00:00]} 2. Nc3 {[%emt 0:00:02]} Nc6 {[%emt 0:00:18]} 3. Nf3 {[%emt 0:01:11]} g6 {[%emt 0:03:28]} 4. h4 {[%emt 0:00:32]} Nf6 {[%emt 0:08:01]} 5. d4 {[%emt 0:08:29]} exd4 {[%emt 0:09:03]} 6. Nxd4 {[%emt 0:00:05]} Bb4 {[%emt 0:06:14]} 7. Nxc6 {[%emt 0:02:22]} bxc6 {[%emt 0:16:35]} 8. Qd4 {[%emt 0:00:53]} c5 {[%emt 0:01:41]} 9. Qd3 {[%emt 0:06:08]} d5 {[%emt 0:05:01]} 10. a3 {[%emt 0:00:13]} Ba5 {[%emt 0:02:53]} (10... Bxc3+ $1 $11 11. Qxc3 d4) 11. cxd5 $11 {[%emt 0:02:22]} (11. Bg5 $1 $14 O-O 12. O-O-O (12. cxd5 Rb8 $11)) 11... O-O {[%emt 0:03:19]} 12. Bd2 {[%emt 0:04:28]} Bf5 {[%emt 0:01:31]} 13. Qc4 {[%emt 0:00:06]} Re8 {[%emt 0:01:10]} 14. f3 {[%emt 0:00:23]} Qd6 {[%emt 0:01:30]} 15. O-O-O {[%emt 0:00:59]} Rab8 {[%emt 0:08:15]} 16. e4 {[%emt 0:01:01]} Bd7 {[%emt 0:09:19]} 17. Be3 {[%emt 0:01:44]} Bxc3 {[%emt 0:01:43]} 18. Qxc3 {[%emt 0:00:03]} Ba4 {[%emt 0:04:05]} 19. Bxc5 {[%emt 0:00:39]} Qf4+ {[%emt 0:01:29]} 20. Be3 {[%emt 0:00:36]} Qd6 {[%emt 0:00:54]} 21. Bc4 {[%emt 0:00:37]} Bxd1 {[%emt 0:00:59]} 22. Rxd1 {[%emt 0:00:10]} Nd7 {[%emt 0:00:26]} 23. h5 {[%emt 0:01:52]} Nc5 {[%emt 0:05:46]} 24. hxg6 {[%emt 0:01:21]} fxg6 {[%emt 0:00:14]} 25. Bxc5 {[%emt 0:00:19]} Qxc5 {[%emt 0:00:50]} 26. d6+ {[%emt 0:00:06]} 1-0

[Event "Faroes Open 2018"]
[Site "Sandavagur"]
[Date "2018.07.10"]
[Round "5"]
[White "Spiesberger, Gerhard"]
[Black "Haubro, Siv"]
[Result "1-0"]
[WhiteElo "2043"]
[BlackElo "1780"]
[Annotator "NA"]
[PlyCount "56"]
[EventDate "2018.07.07"]
[EventType "swiss"]
[EventCountry "FAI"]
[SourceTitle "playchess.com"]
[Source "ChessBase"]
[SourceQuality "1"]
[TimeControl "40/5400+30:900+30"]

1. Nf3 {[%emt 0:00:00]} f5 {[%emt 0:00:20]} 2. Nc3 {[%emt 0:02:04]} Nf6 {[%emt 0:00:12]} 3. d3 {[%emt 0:00:16]} d6 {[%emt 0:05:51]} 4. e4 {[%emt 0:01:10]} e5 {[%emt 0:00:24]} 5. Bg5 {[%emt 0:00:29]} Be7 {[%emt 0:03:19]} 6. exf5 {[%emt 0:07:01]} Bxf5 {[%emt 0:00:35]} 7. Nh4 {[%emt 0:00:56]} Be6 {[%emt 0:03:18]} 8. Be2 {[%emt 0:03:51]} O-O {[%emt 0:00:28]} 9. Qd2 {[%emt 0:05:17]} Nc6 {[%emt 0:08:54]} 10. Nf3 {[%emt 0:04:31]} Ng4 $11 {[%emt 0:09:58]} (10... h6 $17 11. Bh4 Nd5 12. Bxe7 Ncxe7) 11. O-O {[%emt 0:17:23]} h6 {[%emt 0:08:32]} 12. Bxe7 {[%emt 0:09:36]} Qxe7 {[%emt 0:01:54]} 13. d4 {[%emt 0:06:17]} exd4 {[%emt 0:14:06]} 14. Nxd4 {[%emt 0:02:21]} Nxd4 {[%emt 0:02:00]} 15. Bxg4 {[%emt 0:06:45]} Bxg4 16. Qxd4 Be6 {[%emt 0:05:04]} 17. Rfe1 {[%emt 0:06:43]} Qf7 {[%emt 0:02:31]} 18. Nb5 {[%emt 0:02:12]} Bd7 {[%emt 0:11:57]} 19. Nc3 {[%emt 0:07:30]} c5 {[%emt 0:06:05]} 20. Qd5 {[%emt 0:01:27]} Bc6 {[%emt 0:00:47]} 21. Qxf7+ {[%emt 0:01:46]} Kxf7 {[%emt 0:02:42]} 22. Rad1 {[%emt 0:01:15]} Rad8 {[%emt 0:00:31]} 23. Nd5 {[%emt 0:00:42]} Rfe8 {[%emt 0:05:18]} 24. Ne3 {[%emt 0:02:18]} Re5 {[%emt 0:03:27]} 25. f3 {[%emt 0:01:41]} Ke6 {[%emt 0:01:09]} 26. Kf2 {[%emt 0:00:35]} Kd7 {[%emt 0:00:45]} 27. Rxd6+ {[%emt 0:02:06]} Kxd6 {[%emt 0:00:09]} 28. Nc4+ {[%emt 0:00:09]} Kd5 1-0

[Event "Faroes Open 2018"]
[Site "Sandavagur"]
[Date "2018.07.10"]
[Round "5"]
[White "Esteve Sanchez, Sergio"]
[Black "Jotic, Vladimir"]
[Result "0-1"]
[WhiteElo "1994"]
[BlackElo "2387"]
[Annotator "NA"]
[PlyCount "92"]
[EventDate "2018.07.07"]
[EventType "swiss"]
[EventCountry "FAI"]
[SourceTitle "playchess.com"]
[Source "ChessBase"]
[SourceQuality "1"]
[TimeControl "40/5400+30:900+30"]

1. b3 {[%emt 0:00:00]} e5 {[%emt 0:02:05]} 2. Bb2 {[%emt 0:00:00]} d6 {[%emt 0:02:12]} 3. e3 {[%emt 0:00:00]} Nf6 {[%emt 0:00:49]} 4. Nf3 {[%emt 0:07:13]} c5 {[%emt 0:25:58]} 5. d4 {[%emt 0:02:19]} e4 {[%emt 0:01:04]} 6. Ng1 {[%emt 0:08:59]} d5 {[%emt 0:04:07]} 7. h3 {[%emt 0:03:42]} cxd4 {[%emt 0:05:18]} 8. Qxd4 {[%emt 0:07:49]} Nc6 {[%emt 0:03:19]} 9. Bb5 {[%emt 0:00:43]} Be7 {[%emt 0:05:03]} 10. Nc3 {[%emt 0:01:47]} O-O {[%emt 0:00:23]} 11. Qd2 {[%emt 0:08:27]} d4 {[%emt 0:04:45]} 12. exd4 {[%emt 0:01:10]} Qxd4 {[%emt 0:00:20]} 13. O-O-O {[%emt 0:08:56]} Qxd2+ {[%emt 0:00:53]} 14. Rxd2 {[%emt 0:01:06]} Be6 {[%emt 0:12:06]} 15. Bxc6 {[%emt 0:07:00]} bxc6 {[%emt 0:00:02]} 16. Re2 {[%emt 0:00:35]} Rfe8 {[%emt 0:14:22]} 17. g3 {[%emt 0:05:49]} Bd5 {[%emt 0:00:45]} 18. Rh2 {[%emt 0:00:56]} Bd6 {[%emt 0:01:04]} 19. Nd1 {[%emt 0:06:43]} Be5 {[%emt 0:02:52]} 20. Ne3 {[%emt 0:01:36]} Bxb2+ {[%emt 0:00:12]} 21. Kxb2 {[%emt 0:00:02]} Be6 {[%emt 0:00:33]} 22. Rd2 {[%emt 0:01:23]} a5 {[%emt 0:02:45]} 23. Ne2 {[%emt 0:01:55]} a4 {[%emt 0:00:07]} 24. Nd4 {[%emt 0:04:34]} axb3 {[%emt 0:00:49]} 25. axb3 {[%emt 0:02:20]} Bd7 {[%emt 0:00:13]} 26. Rh1 {[%emt 0:02:37]} Ra5 {[%emt 0:01:40]} 27. h4 {[%emt 0:00:12]} Nd5 {[%emt 0:03:23]} 28. Nc4 {[%emt 0:07:08]} Ra6 {[%emt 0:00:18]} 29. Ra1 {[%emt 0:00:24]} Rxa1 {[%emt 0:00:26]} 30. Kxa1 {[%emt 0:00:02]} h5 {[%emt 0:02:10]} 31. Nd6 {[%emt 0:02:08]} e3 {[%emt 0:01:04]} 32. fxe3 {[%emt 0:00:42]} Rxe3 {[%emt 0:00:02]} 33. c4 {[%emt 0:00:43]} Nf6 {[%emt 0:00:58]} 34. b4 {[%emt 0:00:40]} Rxg3 {[%emt 0:00:23]} 35. Kb2 {[%emt 0:02:32]} Rg4 {[%emt 0:01:13]} 36. b5 cxb5 37. c5 Rxh4 38. c6 Bxc6 39. Nxc6 Ne4 40. Nf5 Rf4 41. Nfe7+ Kh7 42. Rd5 g6 43. Rxb5 h4 44. Rb3 Ng5 45. Nd5 Rf2+ 46. Kc1 h3 0-1

[Event "Faroes Open 2018"]
[Site "Sandavagur"]
[Date "2018.07.10"]
[Round "5"]
[White "Fruehauf, Norbert"]
[Black "Maroroa, Sue"]
[Result "1/2-1/2"]
[WhiteElo "1958"]
[BlackElo "2104"]
[Annotator "NA"]
[PlyCount "66"]
[EventDate "2018.07.07"]
[EventType "swiss"]
[EventCountry "FAI"]
[SourceTitle "playchess.com"]
[Source "ChessBase"]
[SourceQuality "1"]
[TimeControl "40/5400+30:900+30"]

1. e4 {[%emt 0:00:00]} c5 {[%emt 0:00:24]} 2. c3 {[%emt 0:00:00]} d5 {[%emt 0:00:08]} 3. exd5 {[%emt 0:00:00]} Qxd5 {[%emt 0:00:06]} 4. d4 {[%emt 0:00:08]} Nc6 {[%emt 0:00:11]} 5. dxc5 {[%emt 0:00:41]} Qxd1+ {[%emt 0:00:45]} 6. Kxd1 {[%emt 0:00:07]} e6 {[%emt 0:01:30]} 7. b4 {[%emt 0:07:24]} a5 {[%emt 0:00:16]} 8. Bd2 {[%emt 0:00:08]} Nf6 {[%emt 0:00:48]} 9. f3 {[%emt 0:00:54]} axb4 {[%emt 0:02:54]} 10. cxb4 {[%emt 0:00:23]} Nd5 {[%emt 0:00:11]} 11. Bb5 {[%emt 0:00:51]} Bd7 {[%emt 0:00:13]} 12. Bxc6 {[%emt 0:00:54]} Bxc6 {[%emt 0:00:22]} 13. Ne2 {[%emt 0:02:10]} Be7 {[%emt 0:07:18]} 14. Rg1 {[%emt 0:25:59]} O-O {[%emt 0:10:35]} 15. a3 {[%emt 0:04:24]} Bf6 {[%emt 0:01:04]} 16. Bc3 $17 {[%emt 0:00:07]} Bxc3 {[%emt 0:04:22]} 17. Nexc3 {[%emt 0:04:48]} Nxb4 {[%emt 0:00:33]} 18. Ke2 {[%emt 0:02:55]} Na6 {[%emt 0:04:33]} 19. Nd2 {[%emt 0:00:56]} Nxc5 {[%emt 0:00:22]} 20. Nc4 {[%emt 0:01:55]} Na4 {[%emt 0:04:07]} 21. Rgc1 {[%emt 0:02:43]} Nxc3+ {[%emt 0:19:23]} 22. Rxc3 {[%emt 0:00:03]} Bb5 {[%emt 0:00:01]} 23. Ke3 {[%emt 0:02:23]} Rfc8 {[%emt 0:01:28]} 24. Kd4 {[%emt 0:02:37]} Ra4 {[%emt 0:01:15]} 25. Rac1 {[%emt 0:01:02]} h5 {[%emt 0:06:02]} 26. g3 {[%emt 0:00:28]} g6 {[%emt 0:00:30]} 27. f4 {[%emt 0:04:01]} Kg7 {[%emt 0:00:50]} 28. h4 {[%emt 0:00:08]} Kf6 {[%emt 0:01:30]} 29. R1c2 {[%emt 0:00:06]} Kf5 {[%emt 0:01:07]} 30. Rc1 {[%emt 0:00:19]} f6 {[%emt 0:02:46]} 31. R1c2 {[%emt 0:00:29]} e5+ {[%emt 0:01:40]} 32. fxe5 {[%emt 0:00:20]} fxe5+ {[%emt 0:00:04]} 33. Kd5 {[%emt 0:00:20]} Bxc4+ {[%emt 0:00:22]} 1/2-1/2

[Event "Faroes Open 2018"]
[Site "Sandavagur"]
[Date "2018.07.10"]
[Round "5"]
[White "Fjallheim, Leif Reinert"]
[Black "Gregersen, Einar"]
[Result "1-0"]
[WhiteElo "1886"]
[BlackElo "1665"]
[Annotator "NA"]
[PlyCount "65"]
[EventDate "2018.07.07"]
[EventType "swiss"]
[EventCountry "FAI"]
[SourceTitle "playchess.com"]
[Source "ChessBase"]
[SourceQuality "1"]
[TimeControl "40/5400+30:900+30"]

1. e4 {[%emt 0:00:00]} c5 {[%emt 0:00:00]} 2. Nc3 {[%emt 0:00:01]} g6 {[%emt 0:00:29]} 3. f4 {[%emt 0:02:25]} Nc6 {[%emt 0:00:29]} 4. Nf3 {[%emt 0:00:22]} Bg7 {[%emt 0:00:23]} 5. Bc4 {[%emt 0:01:35]} e6 {[%emt 0:00:33]} 6. O-O {[%emt 0:01:09]} Nge7 {[%emt 0:00:55]} 7. d3 {[%emt 0:00:42]} O-O {[%emt 0:00:41]} 8. Qe1 {[%emt 0:02:12]} d5 {[%emt 0:01:27]} 9. Bb3 {[%emt 0:01:20]} Na5 {[%emt 0:00:55] LiveBook: 48 Games} 10. Ne2 {[%emt 0:07:02]} (10. e5 $15) 10... dxe4 {[%emt 0:02:36]} 11. dxe4 {[%emt 0:00:19]} c4 {[%emt 0:00:53]} 12. Bd2 {[%emt 0:04:49]} Nec6 {[%emt 0:01:28]} 13. Ne5 $19 {[%emt 0:30:37]} (13. Ba4 $17) 13... cxb3 {[%emt 0:05:04]} 14. axb3 {[%emt 0:02:21]} Bxe5 {[%emt 0:00:48]} 15. fxe5 {[%emt 0:01:24]} b6 {[%emt 0:03:29]} 16. Bh6 {[%emt 0:05:19]} Re8 {[%emt 0:07:16]} 17. Rd1 {[%emt 0:11:21]} Qe7 {[%emt 0:03:08]} 18. Qg3 {[%emt 0:06:45]} Ba6 {[%emt 0:09:42]} 19. Rf2 {[%emt 0:05:55]} Qc5 {[%emt 0:01:50]} 20. Qf4 {[%emt 0:02:54]} Re7 {[%emt 0:16:54]} 21. Rd5 {[%emt 0:04:45]} f5 {[%emt 0:14:17]} 22. exf6 {[%emt 0:02:23]} Qxf2+ {[%emt 0:05:26]} 23. Qxf2 {[%emt 0:01:23]} Rf7 {[%emt 0:00:32]} 24. Rd6 {[%emt 0:01:12]} Ne5 {[%emt 0:00:43]} 25. h3 {[%emt 0:01:10]} Nac6 {[%emt 0:00:14]} 26. Nd4 {[%emt 0:00:47]} Rc8 {[%emt 0:07:15]} 27. Nxe6 {[%emt 0:00:52]} Nb4 {[%emt 0:00:32]} 28. Rd8+ {[%emt 0:00:55]} Rxd8 {[%emt 0:00:09]} 29. Nxd8 {[%emt 0:00:01]} Rd7 {[%emt 0:00:16]} 30. f7+ {[%emt 0:00:44]} Nxf7 {[%emt 0:00:19]} 31. Qf6 {[%emt 0:00:28]} Nxh6 {[%emt 0:01:19]} 32. Ne6 {[%emt 0:00:32]} Rf7 {[%emt 0:04:29]} 33. Qd8+ {[%emt 0:00:13]} 1-0

[Event "Faroes Open 2018"]
[Site "Sandavagur"]
[Date "2018.07.10"]
[Round "5"]
[White "Olsen, Kaj"]
[Black "Tummasarson, Flóvin Matras"]
[Result "1-0"]
[WhiteElo "1696"]
[BlackElo "1237"]
[Annotator "NA"]
[PlyCount "73"]
[EventDate "2018.07.07"]
[EventType "swiss"]
[EventCountry "FAI"]
[SourceTitle "playchess.com"]
[Source "ChessBase"]
[SourceQuality "1"]
[TimeControl "40/5400+30:900+30"]

1. e4 {[%emt 0:00:00]} e5 {[%emt 0:00:04]} 2. Nf3 {[%emt 0:00:00]} Nc6 {[%emt 0:00:17]} 3. Bb5 {[%emt 0:00:09]} Bc5 {[%emt 0:00:19]} 4. O-O {[%emt 0:00:26]} Nd4 {[%emt 0:00:12]} 5. Bc4 {[%emt 0:02:35]} d6 {[%emt 0:02:11]} 6. c3 {[%emt 0:00:39]} Nc6 {[%emt 0:02:17]} 7. h3 {[%emt 0:01:28]} Be6 {[%emt 0:02:24]} 8. Bb3 {[%emt 0:00:26]} Nf6 {[%emt 0:01:07]} 9. Re1 {[%emt 0:02:45]} O-O {[%emt 0:02:44]} 10. d4 {[%emt 0:00:37]} Bxb3 {[%emt 0:00:05]} 11. axb3 {[%emt 0:00:24]} exd4 {[%emt 0:01:23]} 12. cxd4 {[%emt 0:00:15]} Bb6 {[%emt 0:01:28]} 13. Bg5 {[%emt 0:00:34]} Re8 {[%emt 0:03:01]} 14. Nc3 {[%emt 0:01:55]} h6 {[%emt 0:01:52]} 15. Bh4 {[%emt 0:00:31]} Ba5 {[%emt 0:03:05]} 16. d5 {[%emt 0:06:16]} Bxc3 {[%emt 0:02:52]} 17. bxc3 {[%emt 0:01:04]} Ne5 {[%emt 0:00:33]} 18. Nxe5 {[%emt 0:03:00]} dxe5 {[%emt 0:00:43]} 19. Qf3 {[%emt 0:04:38]} g5 {[%emt 0:09:20]} 20. Bg3 {[%emt 0:01:25]} Qd6 {[%emt 0:06:53]} 21. h4 {[%emt 0:07:33]} g4 {[%emt 0:03:30]} 22. Qf5 {[%emt 0:01:54]} Kg7 {[%emt 0:03:49]} 23. Re3 {[%emt 0:06:46]} Qd7 {[%emt 0:01:32]} 24. Bxe5 {[%emt 0:08:00]} Qxf5 {[%emt 0:02:48]} 25. exf5 {[%emt 0:00:29]} a6 {[%emt 0:00:34]} 26. Rae1 {[%emt 0:00:26]} Red8 {[%emt 0:01:32]} 27. c4 {[%emt 0:00:37]} b5 {[%emt 0:00:08]} 28. Bxc7 {[%emt 0:00:36]} Rdc8 {[%emt 0:01:05]} 29. d6 {[%emt 0:02:13]} bxc4 {[%emt 0:02:41]} 30. bxc4 {[%emt 0:01:09]} h5 {[%emt 0:00:55]} 31. Re5 {[%emt 0:14:29]} a5 {[%emt 0:07:54]} 32. Re7 {[%emt 0:02:20]} a4 {[%emt 0:01:44]} 33. d7 {[%emt 0:04:35]} Rxc7 {[%emt 0:04:44]} 34. d8=Q {[%emt 0:00:16]} Rxd8 {[%emt 0:00:16]} 35. Rxc7 {[%emt 0:00:07]} a3 {[%emt 0:00:45]} 36. Ra7 {[%emt 0:00:41]} Rd3 {[%emt 0:00:32]} 37. Rc1 {[%emt 0:00:39]} 1-0

[Event "Faroes Open 2018"]
[Site "Sandavagur"]
[Date "2018.07.10"]
[Round "5"]
[White "Joensen, Hans Petur"]
[Black "Nielsen, Torkil"]
[Result "0-1"]
[WhiteElo "1627"]
[BlackElo "2115"]
[Annotator "NA"]
[PlyCount "70"]
[EventDate "2018.07.07"]
[EventType "swiss"]
[EventCountry "FAI"]
[SourceTitle "playchess.com"]
[Source "ChessBase"]
[SourceQuality "1"]
[TimeControl "40/5400+30:900+30"]

1. c4 {[%emt 0:00:12]} f5 {[%emt 0:00:00]} 2. Nc3 {[%emt 0:00:21]} Nf6 {[%emt 0:00:05]} 3. g3 {[%emt 0:00:27]} e6 {[%emt 0:00:45]} 4. Bg2 {[%emt 0:00:19]} Be7 {[%emt 0:00:27]} 5. Nf3 {[%emt 0:01:30]} d6 {[%emt 0:00:16]} 6. O-O {[%emt 0:01:04]} O-O {[%emt 0:00:17]} 7. d3 {[%emt 0:02:11]} Qe8 {[%emt 0:03:31]} 8. e4 {[%emt 0:07:17]} e5 {[%emt 0:01:58] LiveBook: 5 Games} 9. exf5 {[%emt 0:02:50]} Bxf5 {[%emt 0:00:50]} 10. d4 {[%emt 0:03:54]} Nc6 {[%emt 0:04:04]} 11. dxe5 {[%emt 0:01:09]} dxe5 {[%emt 0:00:42]} 12. Nd5 {[%emt 0:08:01]} e4 {[%emt 0:11:27] [#]} 13. Nh4 $1 {[%emt 0:12:14]} Qd7 $16 {[%emt 0:04:59]} 14. Nxf5 {[%emt 0:04:58]} Qxf5 {[%emt 0:00:19]} 15. Nxc7 {[%emt 0:06:22]} Rad8 {[%emt 0:02:14]} 16. Qa4 {[%emt 0:01:24]} Nd4 {[%emt 0:03:53]} 17. Be3 {[%emt 0:07:24]} Nf3+ {[%emt 0:04:20]} 18. Kh1 {[%emt 0:00:03]} Nxh2 {[%emt 0:05:27]} 19. Qb5 {[%emt 0:05:30]} Qxb5 {[%emt 0:09:22]} 20. Nxb5 {[%emt 0:01:34]} Nxf1 {[%emt 0:00:12]} 21. Rxf1 {[%emt 0:01:30]} a6 {[%emt 0:02:05]} 22. Nc3 {[%emt 0:00:35]} Ng4 {[%emt 0:01:37]} 23. Nd5 {[%emt 0:07:57]} Nxe3 {[%emt 0:06:15]} 24. Nxe7+ {[%emt 0:06:39]} Kf7 {[%emt 0:02:26]} 25. fxe3+ {[%emt 0:02:44]} Kxe7 {[%emt 0:00:17]} 26. Rc1 {[%emt 0:02:17]} Rf2 {[%emt 0:01:09]} 27. Bxe4 {[%emt 0:00:19]} Rxb2 {[%emt 0:00:24]} 28. Bd5 {[%emt 0:01:24]} b6 {[%emt 0:03:50]} 29. e4 {[%emt 0:00:58]} Kd6 {[%emt 0:02:44]} 30. Rf1 {[%emt 0:00:35]} Rd7 {[%emt 0:01:05]} 31. Rf5 {[%emt 0:00:32]} Re7 {[%emt 0:01:00]} 32. Kg1 {[%emt 0:01:44]} Re5 {[%emt 0:00:59]} 33. g4 {[%emt 0:04:22]} Rxf5 {[%emt 0:01:42]} 34. gxf5 {[%emt 0:00:09]} Ke5 {[%emt 0:00:19]} 35. Kf1 {[%emt 0:00:39]} Rxa2 0-1

[Event "Faroes Open 2018"]
[Site "Sandavagur"]
[Date "2018.07.10"]
[Round "5"]
[White "Nielsen, Suni í Horni"]
[Black "Petersen, Gutti"]
[Result "1-0"]
[WhiteElo "1487"]
[BlackElo "1596"]
[Annotator "NA"]
[PlyCount "81"]
[EventDate "2018.07.07"]
[EventType "swiss"]
[EventCountry "FAI"]
[SourceTitle "playchess.com"]
[Source "ChessBase"]
[SourceQuality "1"]
[TimeControl "40/5400+30:900+30"]

1. e4 {[%emt 0:00:00]} c6 {[%emt 0:00:00]} 2. d4 {[%emt 0:01:37]} d5 {[%emt 0:00:26]} 3. exd5 {[%emt 0:02:41]} cxd5 {[%emt 0:00:23]} 4. Nc3 {[%emt 0:01:01]} Nc6 {[%emt 0:03:36]} 5. Nf3 {[%emt 0:01:55]} Nf6 {[%emt 0:01:40]} 6. h3 {[%emt 0:02:02]} a6 {[%emt 0:00:22]} 7. Bd3 {[%emt 0:01:04]} e6 {[%emt 0:00:25]} 8. Bg5 {[%emt 0:02:34]} Be7 {[%emt 0:00:29]} 9. O-O {[%emt 0:03:07]} h6 {[%emt 0:05:35]} 10. Bh4 {[%emt 0:00:30]} O-O {[%emt 0:01:18]} 11. Ne2 {[%emt 0:00:57]} b5 {[%emt 0:01:10]} 12. c3 {[%emt 0:00:46]} Bb7 {[%emt 0:00:24]} 13. Bc2 {[%emt 0:00:26]} g6 {[%emt 0:02:45]} 14. Qd3 {[%emt 0:02:02]} Ne4 {[%emt 0:01:31]} 15. Bg3 {[%emt 0:09:31]} Kg7 {[%emt 0:01:46]} 16. Bf4 {[%emt 0:13:27]} Bd6 {[%emt 0:14:13]} 17. Ne5 {[%emt 0:01:36]} Nxe5 {[%emt 0:02:52]} 18. Bxe5+ {[%emt 0:00:22]} Bxe5 {[%emt 0:03:25]} 19. dxe5 {[%emt 0:00:00]} Rc8 {[%emt 0:02:30]} 20. f3 {[%emt 0:02:06]} Qb6+ {[%emt 0:00:11]} 21. Nd4 {[%emt 0:00:36]} Ng3 {[%emt 0:01:44]} 22. Qe3 {[%emt 0:06:01]} Qd8 {[%emt 0:05:06]} 23. Rf2 {[%emt 0:03:02]} Nf5 {[%emt 0:03:54]} 24. Nxf5+ {[%emt 0:03:15]} gxf5 {[%emt 0:00:17]} 25. f4 {[%emt 0:11:56]} h5 {[%emt 0:06:54]} 26. Qf3 {[%emt 0:01:59]} h4 {[%emt 0:03:14]} 27. g4 {[%emt 0:00:57]} hxg3 28. Rg2 {[%emt 0:02:46]} Qh4 {[%emt 0:10:30]} 29. Rxg3+ {[%emt 0:06:17]} Kh6 {[%emt 0:01:35]} 30. Kh2 {[%emt 0:01:41]} Rg8 {[%emt 0:01:52]} 31. Rag1 {[%emt 0:00:09]} Rxg3 {[%emt 0:00:26]} 32. Rxg3 {[%emt 0:00:00]} Bc6 {[%emt 0:04:47]} 33. Bd1 {[%emt 0:00:51]} d4 {[%emt 0:01:07]} 34. Qf2 {[%emt 0:01:51]} dxc3 {[%emt 0:01:07]} 35. bxc3 {[%emt 0:00:01]} Qe7 {[%emt 0:02:31]} 36. Rg5 {[%emt 0:00:20]} Qxg5 {[%emt 0:02:51]} 37. fxg5+ {[%emt 0:00:01]} Kxg5 {[%emt 0:00:31]} 38. Qg3+ {[%emt 0:01:40]} Kh6 {[%emt 0:00:12]} 39. Qh4+ {[%emt 0:00:15]} Kg7 {[%emt 0:00:07]} 40. Qf6+ {[%emt 0:00:16]} Kf8 {[%emt 0:00:18]} 41. Qh8+ {[%emt 0:15:14]} 1-0